Birthstones by picture - Statistics

General Stats
  • This quiz has been taken 135 times
  • The average score is 9 of 21
Answer Stats
Picture Hint Answer % Correct
(April) Diamond
92%
(May) Emerald
86%
(February) Amethyst
81%
(June) Pearl
78%
(July) Ruby
72%
(September) Sapphire
71%
(January) Garnet
68%
(March) Aquamarine
58%
(April) Rock Crystal
47%
(August) Peridot
37%
(December) Turquoise
34%
(October) Opal
33%
(March) Bloodstone
28%
(November) Topaz
24%
(June) Moonstone
23%
(November) Citrine
20%
(December) Tanzanite
14%
(September) Lapis Lazuli
13%
(July) Carnelian
6%
(August) Sardonyx
6%
(May) Chrysoprase
5%
No matching quizzes found
Score Distribution
Percent of People with Each Score
Percentile by Number Answered
Your Score History
You have not taken this quiz